Report of the Indian Tariff Board on the woollen textile industry (Record no. 423658)

000 -LEADER
fixed length control field 00420cam a22001097a 4500
008 - FIXED-LENGTH DATA ELEMENTS--GENERAL INFORMATION
fixed length control field 180718b1935 xxu||||| |||| 00| 0 eng d
082 ## - DEWEY DECIMAL CLASSIFICATION NUMBER
Classification number T394x54 In2tw
245 ## - TITLE STATEMENT
Title Report of the Indian Tariff Board on the woollen textile industry
Statement of responsibility, etc. by Indian Tariff Board on the woollen textile industry
260 ## - PUBLICATION, DISTRIBUTION, ETC.
Place of publication, distribution, etc. Delhi
Name of publisher, distributor, etc. Manager of Publications
Date of publication, distribution, etc. 1935
300 ## - PHYSICAL DESCRIPTION
Extent 120+p
700 ## - ADDED ENTRY--PERSONAL NAME
Personal name Indian Tariff Board on the woollen textile industry
Holdings
Withdrawn status Lost status Damaged status Not for loan Permanent Location Current Location Date acquired Full call number Barcode Date last seen Price effective from Koha item type
        Indian Institute of Public Administration Indian Institute of Public Administration 2009-09-04 T394x54 In2tw 23050 2018-07-21 2018-07-21 Book

Powered by Koha